| 000 | 01117cam a2200289 i 4500 | ||
|---|---|---|---|
| 005 | 20170119094538.0 | ||
| 008 | 170119s2014 enka 001 0 eng d | ||
| 010 | _a2013050712 | ||
| 020 | _a9781783480319 | ||
| 020 | _a9781783480326 | ||
| 040 |
_aCO-BoUCM _bspa _cSandra Palacio _dSandra Palacio |
||
| 041 | 0 | _aeng | |
| 245 | 0 | 0 |
_aIntensities and lines of flight _bDeleuze/Guattari and the arts _ceditado por Antonio Calcagno, Jim Vernon y Steve G. Lofts |
| 260 |
_aLondres (Inglaterra) _bRowman & Littlefield International _c2014 |
||
| 300 |
_avii, 226 páginas _bilustraciones |
||
| 504 | _aIncluye referencias bibliográficas e índices | ||
| 600 | 1 | 0 |
_aDeleuze, Gilles _d1925-1995 _91481 |
| 600 | 1 | 0 |
_aGuattari, Félix _d1930-1992 _982233 |
| 650 | 1 | 7 |
_aArte _xFilosofía _954815 |
| 650 | 2 | 7 |
_aPostmodernismo _ySiglo XX _922121 |
| 690 |
_aFilosofía _975 |
||
| 700 | 1 |
_aCalcagno, Antonio _d1969- _eeditor _983479 |
|
| 700 | 1 |
_aVernon, Jim _eeditor _983480 |
|
| 700 | 1 |
_aLofts, Steve G. _d1959- _eeditor _983481 |
|
| 942 |
_2DEWEY _cLIBRO _a2 _e1 _h111.85 _mI611il |
||
| 999 |
_c305666 _d305666 |
||